Principles of applied optics / (Record no. 182947)
[ view plain ]
| 000 -LEADER | |
|---|---|
| fixed length control field | 00989 a2200217 4500 |
| 003 - CONTROL NUMBER IDENTIFIER | |
| control field | Nust |
| 005 - DATE AND TIME OF LATEST TRANSACTION | |
| control field | 20221222190520.0 |
| 010 ## - LIBRARY OF CONGRESS CONTROL NUMBER | |
| LC control number | 90001183 |
| 020 ## - INTERNATIONAL STANDARD BOOK NUMBER | |
| International Standard Book Number | 0256088608 |
| 040 ## - CATALOGING SOURCE | |
| Transcribing agency | Nust |
| 082 00 - DEWEY DECIMAL CLASSIFICATION NUMBER | |
| Classification number | 621.38275,BAN |
| 100 1# - MAIN ENTRY--PERSONAL NAME | |
| Personal name | Banerjee, Partha P. |
| 9 (RLIN) | 105721 |
| 245 10 - TITLE STATEMENT | |
| Title | Principles of applied optics / |
| Statement of responsibility, etc. | Partha P. Banerjee, Ting-Chung Poon. |
| 260 ## - PUBLICATION, DISTRIBUTION, ETC. | |
| Place of publication, distribution, etc. | [Pacific Palisades, CA] : |
| Name of publisher, distributor, etc. | Aksen Associates ; |
| Place of publication, distribution, etc. | Homewood, IL : |
| Name of publisher, distributor, etc. | Irwin, |
| Date of publication, distribution, etc. | c1991. |
| 300 ## - PHYSICAL DESCRIPTION | |
| Extent | xiv, 347 p. : |
| Other physical details | ill. ; |
| Dimensions | 25 cm. |
| 440 #4 - SERIES STATEMENT/ADDED ENTRY--TITLE | |
| Title | The Aksen Associates series in electrical and computer engineering |
| 9 (RLIN) | 104986 |
| 505 ## - FORMATTED CONTENTS NOTE | |
| Formatted contents note | Mathematical Preliminaries (Page-1), Geometrical Optics (Page-16), Physical Optics (Page-50), Optical Information Processing (Page-121), Optical Information Processing (Page-161), Acoustooptics and Electrooptics (Page-190), Lasers and Photodetectors (Page-241), Nonlinear Optics (Page-287). |
| 650 #0 - SUBJECT ADDED ENTRY--TOPICAL TERM | |
| Topical term or geographic name entry element | Telecommunication Engineering |
| 700 1# - ADDED ENTRY--PERSONAL NAME | |
| Personal name | Poon, Ting-Chung. |
| 9 (RLIN) | 105722 |
| 942 ## - ADDED ENTRY ELEMENTS (KOHA) | |
| Source of classification or shelving scheme | |
| Koha item type | Book |
| Withdrawn status | Lost status | Source of classification or shelving scheme | Damaged status | Not for loan | Permanent Location | Current Location | Shelving location | Date acquired | Full call number | Barcode | Date last seen | Price effective from | Koha item type | Public note |
|---|---|---|---|---|---|---|---|---|---|---|---|---|---|---|
| Military College of Signals (MCS) | Military College of Signals (MCS) | General Stacks | 12/12/2016 | 621.38275,BAN | MCS6095 | 12/08/2016 | 12/12/2016 | Book | Almirah No.38, Shelf No.1 |
